<?xml version="1.0" encoding="UTF-8"?>
<resp>
  <nextPage>https://data.bn.org.pl/api/networks/bibs.marcxml?marc=001+b1000000450913&amp;sinceId=1000000450914</nextPage>
  <collection>
    <record xmlns='http://www.loc.gov/MARC21/slim'><leader>01915nkm a2200517 i 4500</leader><controlfield tag='001'>b1000000450913</controlfield><controlfield tag='005'>20250226044830.0</controlfield><controlfield tag='007'>kj#ao#</controlfield><controlfield tag='008'>191118s1723    xx nnn            anger  </controlfield><controlfield tag='009'>9911279438905606</controlfield><datafield ind1=' ' ind2=' ' tag='035'><subfield code='a'>(PL)b1000000450913</subfield></datafield><datafield ind1=' ' ind2=' ' tag='040'><subfield code='a'>WA N</subfield><subfield code='c'>WA N</subfield><subfield code='d'>WA N</subfield></datafield><datafield ind1=' ' ind2=' ' tag='046'><subfield code='k'>1723</subfield></datafield><datafield ind1='0' ind2='0' tag='245'><subfield code='a'>Jacob Saurin Prediger der Frantz. Gemeine im Haag, geb. in Nimes Anno 1677.</subfield></datafield><datafield ind1=' ' ind2=' ' tag='260'><subfield code='c'>[1723].</subfield></datafield><datafield ind1=' ' ind2=' ' tag='300'><subfield code='a'>1 grafika :</subfield><subfield code='b'>miedzioryt ;</subfield><subfield code='c'>kompozycja 15,2x9,5 cm.</subfield></datafield><datafield ind1=' ' ind2=' ' tag='336'><subfield code='a'>Obraz</subfield><subfield code='b'>sti</subfield><subfield code='2'>rdacontent</subfield></datafield><datafield ind1=' ' ind2=' ' tag='337'><subfield code='a'>Bez urządzenia pośredniczącego</subfield><subfield code='b'>n</subfield><subfield code='2'>rdamedia</subfield></datafield><datafield ind1=' ' ind2=' ' tag='338'><subfield code='a'>Arkusz</subfield><subfield code='b'>nb</subfield><subfield code='2'>rdacarrier</subfield></datafield><datafield ind1=' ' ind2=' ' tag='380'><subfield code='a'>Grafiki</subfield></datafield><datafield ind1=' ' ind2=' ' tag='386'><subfield code='m'>Przynależność kulturowa</subfield><subfield code='a'>Grafika niemiecka</subfield></datafield><datafield ind1='1' ind2=' ' tag='388'><subfield code='a'>1701-1800</subfield></datafield><datafield ind1=' ' ind2=' ' tag='500'><subfield code='a'>Publikowana w: Jacques Saurin, Kurtzer Entwurff der Christlichen Theologie und Sitten-Lehre, In Form eines Catechismi abgefasset..., Chemnitz 1723.</subfield></datafield><datafield ind1='1' ind2='7' tag='600'><subfield code='a'>Saurin, Jacques</subfield><subfield code='d'>(1677-1730)</subfield><subfield code='2'>DBN</subfield></datafield><datafield ind1=' ' ind2='7' tag='648'><subfield code='a'>1701-1800</subfield><subfield code='2'>DBN</subfield></datafield><datafield ind1=' ' ind2='7' tag='650'><subfield code='a'>Pastorzy</subfield><subfield code='2'>DBN</subfield></datafield><datafield ind1=' ' ind2='7' tag='650'><subfield code='a'>Teolodzy protestanccy</subfield><subfield code='2'>DBN</subfield></datafield><datafield ind1=' ' ind2='7' tag='651'><subfield code='a'>Haga (Holandia)</subfield><subfield code='2'>DBN</subfield></datafield><datafield ind1=' ' ind2='7' tag='651'><subfield code='a'>Londyn (Wielka Brytania)</subfield><subfield code='2'>DBN</subfield></datafield><datafield ind1=' ' ind2='7' tag='651'><subfield code='a'>Francja</subfield><subfield code='2'>DBN</subfield></datafield><datafield ind1=' ' ind2='7' tag='655'><subfield code='a'>Miedzioryt</subfield><subfield code='2'>DBN</subfield></datafield><datafield ind1=' ' ind2='7' tag='655'><subfield code='a'>Portrety</subfield><subfield code='2'>DBN</subfield></datafield><datafield ind1=' ' ind2=' ' tag='852'><subfield code='b'>48OMNIS_NETWORK</subfield><subfield code='8'>9911279438905606</subfield></datafield><datafield ind1=' ' ind2=' ' tag='852'><subfield code='b'>48OMNIS_NLOP</subfield><subfield code='8'>991052570706805066</subfield></datafield><datafield ind1=' ' ind2=' ' tag='852'><subfield code='8'>22596234290005066</subfield><subfield code='j'>1</subfield><subfield code='h'>G.25751/I</subfield><subfield code='b'>BN_PL</subfield><subfield code='p'>888a0398553</subfield><subfield code='c'>bikon</subfield><subfield code='z'>odbitka obcięta</subfield></datafield><datafield ind1=' ' ind2=' ' tag='950'><subfield code='u'>https://eu05.alma.exlibrisgroup.com/view/uresolver/48OMNIS_NETWORK/openurl?u.ignore_date_coverage=true&amp;portfolio_pid=53683331960005066&amp;Force_direct=true</subfield><subfield code='z'>Zobacz w Polonie sygnatura: G.25751/I</subfield><subfield code='8'>53683331960005066</subfield></datafield></record>
  </collection>
</resp>
